000 00275nam a22001217a 4500
008 230704b xxu||||| |||| 00| 0 eng d
082 _a343.6
_bPUB
100 _cICJ
245 _aThe Public Finance Management Act
_b
260 _a
_c1999
300 _a103p
942 _2ddc
_cBK
999 _c3619
_d3619